000 00593nam a2200253Ia 4500
005 20260121155041.0
008 008 260114s9999 xx 000 0 eng d
020 _a9781003053231
037 _aEBOOK
040 _aCRL
040 _beng
040 _cCRL
041 _2eng
041 _aeng
084 _qCRL
100 _a Dorin O. Neac?u
_91014748
245 0 _aAutomotive Power Systems
260 _bTaylor and Francis
260 _c2021
856 _uhttp://www.taylorfrancis.com/books/9781003053231
942 _cEBOOK
999 _c1581567
_d1581567